000 00525nam a2200181Ia 4500
008 100920s9999 xx 000 0 und d
082 _b64738
_a891.463.1 थ 94
100 _aनिसळ शांता.
245 _aसुरभी.
260 _bअनिरूध्द प्रकाशन, पुणे.
_c1994
300 _a159
_bसाधी
365 _b60
520 _aलघुकथा.
630 _aसुरभी.
650 _aलघुकथा.
730 _aसुरभी.
942 _cBOOK
999 _c707731
_d707728